Cows don't give milk/ (Record no. 76479)

MARC details
000 -LEADER
fixed length control field 00639nam a22002057a 4500
005 - DATE AND TIME OF LATEST TRANSACTION
control field 20130605165100.0
010 ## - LCCN (DPL NO)
LC control number B-497058-065
020 ## - INTERNATIONAL STANDARD BOOK NUMBER
International Standard Book Number 9788176211376
Terms of availability 150.00
035 ## - SYSTEM CONTROL NUMBER
System control number B-497058-065
037 ## - SOURCE OF ACQUISITION
Stock number dpl
Source of stock number/acquisition UBH/Ven
082 ## - DEWEY DECIMAL CLASSIFICATION NUMBER
Classification number 158.1
100 ## - MAIN ENTRY--PERSONAL NAME
Personal name Batra, Promod
245 ## - TITLE STATEMENT
Title Cows don't give milk/
Statement of responsibility, etc by Promod Batra
250 ## - EDITION STATEMENT
Remainder of edition statement 10th edn.
260 ## - PUBLICATION, DISTRIBUTION, ETC. (IMPRINT)
Place of publication, distribution, etc New Delhi
Name of publisher, distributor, etc Full Circle
Date of publication, distribution, etc 2012
270 ## - ADDRESS
Address J-40, Jorbagh Lane,
City New Delhi
Postal code 110003
300 ## - PHYSICAL DESCRIPTION
Extent 136p.
Other physical details ill.
Dimensions 20cm(pbk)
942 ## - ADDED ENTRY ELEMENTS (KOHA)
Source of classification or shelving scheme Dewey Decimal Classification
Item type English Books
Classification part 158.1
Call number suffix BAT
Holdings
Withdrawn status Lost status Not for loan Collection code Home library Current library Date acquired Source of acquisition Cost, normal purchase price Full call number Barcode Copy number Cost, replacement price Koha item type
      Non-fiction Bawana Bawana 05/06/2013 UBH/272/11.03.2013/180/08.03.2013/15.03.2013 150.00 158.1 BAT B-497063 1 150.00 English Books
  Written-off vide DLB M. No. 383 dt 16.05.19   Non-fiction Central Library Central Library 05/06/2013 UBH/272/11.03.2013/180/08.03.2013/15.03.2013 150.00 158.1 BAT B-497058 1 150.00 English Books
      Non-fiction Janak Puri Janak Puri 05/06/2013 UBH/272/11.03.2013/180/08.03.2013/15.03.2013 150.00 158.1 BAT B-497062 1 150.00 English Books
  Written-off vide DLB M. No. 383 dt 16.05.19   Non-fiction Kasturba Gandhi Marg Kasturba Gandhi Marg 05/06/2013 UBH/272/11.03.2013/180/08.03.2013/15.03.2013 150.00 158.1 BAT B-497060 1 150.00 English Books
      Non-fiction Narela Narela 05/06/2013 UBH/272/11.03.2013/180/08.03.2013/15.03.2013 150.00 158.1 BAT B-497064 1 150.00 English Books
      Non-fiction Patel Nagar Patel Nagar 05/06/2013 UBH/272/11.03.2013/180/08.03.2013/15.03.2013 150.00 158.1 BAT B-497059 1 150.00 English Books
      Non-fiction Peshwa Road Peshwa Road 05/06/2013 UBH/272/11.03.2013/180/08.03.2013/15.03.2013 150.00 158.1 BAT B-497061 1 150.00 English Books
  Written-off vide DLB M. No. 383 dt 16.05.19   Non-fiction Shahdara Branch Shahdara Branch 05/06/2013 UBH/272/11.03.2013/180/08.03.2013/15.03.2013 150.00 158.1 BAT B-497065 1 150.00 English Books

© Delhi Public Library
Hit Counter
free hit counter